Australian Bulletin of Labour

Bibliographic Details
Format: Journal
Language:English
Published: Adelaide, SA : National Institute of Labour Studies, 1975-
Subjects:
Online Access:http://www.vlex.com/source/7160

MARC

LEADER 00000nas a22000007a 4500
005 20130314152444.0
007 cr|||| ||||
008 130314c19759999xxu r|p s|||| 0|||a1eng d
022 |a 3116336  
035 |a 7160 
040 |a vLex 
090 |c 3911  |d 3911 
245 0 0 |a Australian Bulletin of Labour  |h [Recurso electrn̤ico]  
256 |a Servicio en ln̕ea 
260 |a Adelaide, SA :  |b National Institute of Labour Studies,   |c 1975- 
300 |a 1 Recurso electrn̤ico 
506 |d vLex Global  |d vLex Global (Academic Edition, excluding Law Schools)  |d vLex Global (U.S. Academic Edition, Law Schools)  |d vLex Global (U.S. Academic Edition, excluding Law Schools)  |d vLex Global (Academic Edition, Law Schools) 
650 0 4 |a Derecho laboral y Seguridad Social  |v Revistas  |z Estados Unidos 
740 |a vLex Revistas (Servicio en ln̕ea) 
856 |a Acceso restringido  |u http://www.vlex.com/source/7160 
942 |c REV 
999 0 |a Labor law and legislation